So sánh thành phần nguồn lợi thủy sản tự nhiên và hiệu quả tài chính của mô hình tôm rừng ở tỉnh Cà Mau : Luận văn tốt nghiệp cao học. Chuyên ngành Quản lý nguồn lợi thủy sản

Nghiên cứu, đánh giá được sự biến động nguồn lợi tôm, cá tự nhiên theo thời gian trong mô hình tôm - rừng ở tỉnh Cà Mau; so sánh được sự đa dạng thành phần loại tôm, cá tự nhiên trong mô hình tôm rừng giữa 2 tỷ lệ diện tích rừng khác...

Πλήρης περιγραφή

Αποθηκεύτηκε σε:
Λεπτομέρειες βιβλιογραφικής εγγραφής
Κύριος συγγραφέας: Nguyễn, Công Quốc
Μορφή: Βιβλίο
Γλώσσα:Undetermined
Έκδοση: Cần Thơ Trường Đại học Cần Thơ 2014
Θέματα:
Ετικέτες: Προσθήκη ετικέτας
Δεν υπάρχουν, Καταχωρήστε ετικέτα πρώτοι!
Thư viện lưu trữ: Trung tâm Học liệu Trường Đại học Cần Thơ
LEADER 01399nam a2200217Ia 4500
001 CTU_209390
008 210402s9999 xx 000 0 und d
082 |a 363.7 
082 |b Qu451 
088 |a 60620305 
100 |a Nguyễn, Công Quốc 
245 0 |a So sánh thành phần nguồn lợi thủy sản tự nhiên và hiệu quả tài chính của mô hình tôm rừng ở tỉnh Cà Mau : 
245 0 |b Luận văn tốt nghiệp cao học. Chuyên ngành Quản lý nguồn lợi thủy sản 
245 0 |c Nguyễn Công Quốc ; Trương Hoàng Minh, Hà Phước Hùng ( Hướng dẫn khoa học) 
260 |a Cần Thơ 
260 |b Trường Đại học Cần Thơ 
260 |c 2014 
520 |a Nghiên cứu, đánh giá được sự biến động nguồn lợi tôm, cá tự nhiên theo thời gian trong mô hình tôm - rừng ở tỉnh Cà Mau; so sánh được sự đa dạng thành phần loại tôm, cá tự nhiên trong mô hình tôm rừng giữa 2 tỷ lệ diện tích rừng khác nhau (60% và 30%) ở tỉnh Cà Mau) 
650 |a Environmental protection,Bảo vệ môi trường 
904 |i Nguyễn Thị Phương Thảo (Nguyên) 
980 |a Trung tâm Học liệu Trường Đại học Cần Thơ